[Event "18. Sparkassen Open 2019 - Gruppe A"]
[Site "Forchheim"]
[Date "2019.10.06"]
[Round "5.16"]
[White "Kilian, Markus"]
[Black "Paeslack, Luis"]
[Result "1/2-1/2"]
[WhiteElo "2087"]
[BlackElo "1936"]
[PlyCount "56"]
[EventDate "2019.??.??"]
[WhiteTeam "ESV Lok Meiningen"]
[BlackTeam "TV-Großostheim 1900 e.V."]

1. d4 Nf6 2. c4 c5 3. d5 g6 4. f3 Bg7 5. e4 d6 6. Nc3 Nbd7 7. Nh3 O-O 8. Be2 a6
9. a4 Ne8 10. Be3 Ne5 11. Nf2 Qb6 12. Qc1 f5 13. f4 Nf7 14. O-O Nf6 15. exf5
Bxf5 16. g4 Bd7 17. Rb1 a5 18. Kh1 e5 19. dxe6 Bxe6 20. g5 Qc6+ 21. Kg1 Nd7 22.
Qd2 Nb6 23. b3 Rad8 24. Nd5 Bxd5 25. cxd5 Qxd5 26. Qxa5 Qe6 27. Nd1 Nd5 28. Bc4
Qe4 1/2-1/2

[Event "18. Sparkassen Open 2019 - Gruppe A"]
[Site "Forchheim"]
[Date "2019.10.06"]
[Round "5.17"]
[White "Maruntis, Patrik-Robert"]
[Black "Böhme, Sebastian"]
[Result "0-1"]
[WhiteElo "1707"]
[BlackElo "2095"]
[PlyCount "60"]
[EventDate "2019.??.??"]
[WhiteTeam "MTV Ingolstadt"]
[BlackTeam "SC Uttenreuth e.V."]

1. e4 c6 2. d4 d5 3. exd5 cxd5 4. Bd3 Nc6 5. c3 Qc7 6. Nf3 Bg4 7. O-O e6 8.
Nbd2 Bd6 9. h3 Bh5 10. Re1 Nf6 11. a4 O-O 12. g4 Bg6 13. Bxg6 hxg6 14. Qe2 a6
15. Ne5 b5 16. f4 b4 17. Qd3 Rfc8 18. g5 Nh5 19. Ndf3 bxc3 20. bxc3 Na5 21. Qe2
Bxe5 22. Nxe5 Qxc3 23. Be3 Ng3 24. Qf2 Ne4 25. Qf3 Nc4 26. Rac1 Qb3 27. Rb1
Qxa4 28. Rb7 Ned6 29. Re7 Nxe3 30. Qxe3 Nf5 0-1

[Event "18. Sparkassen Open 2019 - Gruppe A"]
[Site "Forchheim"]
[Date "2019.10.06"]
[Round "5.18"]
[White "Mehling, Katharina"]
[Black "Schimmele, Alexander"]
[Result "1/2-1/2"]
[WhiteElo "2020"]
[BlackElo "1893"]
[PlyCount "53"]
[EventDate "2019.??.??"]
[WhiteTeam "Spvgg 1946 e.V. Stetten"]
[BlackTeam "SC Neckarsulm e.V."]

1. e4 d6 2. d4 Nf6 3. Nc3 g6 4. Be3 Bg7 5. f3 c6 6. Qd2 b5 7. Bh6 Bxh6 8. Qxh6
b4 9. Nd1 Qa5 10. Qd2 c5 11. dxc5 Qxc5 12. a3 Nc6 13. axb4 Qxb4 14. Ne2 O-O 15.
Qxb4 Nxb4 16. Ne3 Bd7 17. Nd4 Rfb8 18. c3 Nc6 19. Nxc6 Bxc6 20. b4 Nd7 21. Ba6
Rb6 22. Kd2 Kf8 23. Nc4 Rxa6 24. Rxa6 Bb5 25. Ra5 Bxc4 26. Rha1 a6 27. f4
1/2-1/2

[Event "18. Sparkassen Open 2019 - Gruppe A"]
[Site "Forchheim"]
[Date "2019.10.06"]
[Round "5.19"]
[White "Diller, Peter"]
[Black "Löllmann, Heinrich"]
[Result "1/2-1/2"]
[WhiteElo "2003"]
[BlackElo "1941"]
[PlyCount "108"]
[EventDate "2019.??.??"]
[WhiteTeam "SK Rothenburg e.V."]
[BlackTeam "SV Bubenreuth e.V."]

1. e4 e6 2. f4 d5 3. exd5 exd5 4. Nf3 Nf6 5. Be2 Bd6 6. d4 O-O 7. O-O Bf5 8.
Ne5 Ne4 9. Nd2 Nd7 10. Bf3 Nxd2 11. Bxd2 Nf6 12. c3 Be4 13. Qe2 c6 14. Rae1 Qc7
15. Bc1 Rae8 16. a3 b5 17. Qf2 Re7 18. Qh4 Rfe8 19. g4 Bxf3 20. Rxf3 Bxe5 21.
fxe5 Nd7 22. Rh3 Nf8 23. Rf1 Re6 24. Rhf3 Rg6 25. Qg3 Qd7 26. h3 Ne6 27. Rf5
Nd8 28. h4 Rf8 29. h5 Re6 30. R1f2 a5 31. Bd2 Ree8 32. g5 Ne6 33. Qf3 a4 34.
Qd3 Rc8 35. Qf3 Qe7 36. Rg2 Kh8 37. Qg4 Rg8 38. g6 Rcf8 39. Rgf2 fxg6 40. hxg6
Rxf5 41. Rxf5 Rf8 42. Bg5 Qe8 43. gxh7 Rxf5 44. Qxf5 Nf8 45. Bh4 Nxh7 46. Kg2
Nf8 47. Kg3 Kg8 48. Kf3 Qf7 49. Qxf7+ Kxf7 50. Kg4 Kg6 51. Bg5 Ne6 52. Be7 Kf7
53. Bg5 Kg6 54. Be7 Kf7 1/2-1/2

[Event "18. Sparkassen Open 2019 - Gruppe A"]
[Site "Forchheim"]
[Date "2019.10.06"]
[Round "5.20"]
[White "Sippl, Martin"]
[Black "Heppert, Lars"]
[Result "1-0"]
[WhiteElo "2065"]
[BlackElo "1902"]
[PlyCount "71"]
[EventDate "2019.??.??"]
[WhiteTeam "SC Postbauer-Heng e.V"]
[BlackTeam "SK Marburg 1931/72"]

1. e4 c5 2. Nf3 g6 3. d4 cxd4 4. Nxd4 Nc6 5. Nc3 Bg7 6. Be3 Nf6 7. Bc4 O-O 8.
Bb3 d6 9. f3 Bd7 10. Qd2 Nxd4 11. Bxd4 b5 12. O-O-O a5 13. Nd5 a4 14. Nxf6+
Bxf6 15. Bd5 Bxd4 16. Qxd4 Rb8 17. a3 Qa5 18. c3 Rfc8 19. Kb1 Qb6 20. Qd2 Kg7
21. h4 h6 22. Rdf1 e6 23. Ba2 Bc6 24. Rd1 Rd8 25. Qf4 Rd7 26. Ka1 Rbd8 27. Rd2
d5 28. e5 d4 29. Qf6+ Kg8 30. cxd4 Bd5 31. Bb1 Kh7 32. h5 Rg8 33. Rdd1 Rg7 34.
hxg6+ Kg8 35. Rxh6 fxg6 36. Rdh1 1-0